Transportation Economics (Record no. 2640)

MARC details
005 - DATE AND TIME OF LATEST TRANSACTION
control field 20250526065301.0
020 ## - INTERNATIONAL STANDARD BOOK NUMBER
International Standard Book Number 0-88410-419-2
082 ## - DEWEY DECIMAL CLASSIFICATION NUMBER
Classification number LECT 380.5 MOH
100 ## - MAIN ENTRY--PERSONAL NAME
Author name MOHRING, H.
245 ## - TITLE STATEMENT
Title Transportation Economics
260 ## - PUBLICATION, DISTRIBUTION, ETC.
Place of publication, distribution, etc. Cambridge, Mass,
Name of publisher, distributor, etc. Ballinger Publishing Company,
Date of publication, distribution, etc. 1976.
300 ## - PHYSICAL DESCRIPTION
Extent xv, 174p.: ill.; figure, table.
Other physical details Index & Reference.
Dimensions 23cm.
942 ## - ADDED ENTRY ELEMENTS (KOHA)
Source of classification or shelving scheme Dewey Decimal Classification
Koha item type Books
Holdings
Date last seen Total checkouts Full call number Barcode Cost, replacement price Price effective from Koha item type Lost status Source of classification or shelving scheme Damaged status Not for loan Withdrawn status Home library Current library Shelving location Date acquired Cost, normal purchase price
05/26/2025   LECT 380.5 MOH 0000009825 30000.00 05/26/2025 Books   Dewey Decimal Classification       College of Business Education Main Library College of Business Education Main Library General Collection 07/14/1978 10000.00
05/26/2025   LECT 380.5 MOH 0000009826 30000.00 05/26/2025 Books   Dewey Decimal Classification       College of Business Education Main Library College of Business Education Main Library General Collection 07/14/1978 10000.00